| 000 | 00445nam a2200157Ia 4500 | ||
|---|---|---|---|
| 008 | 230312s9999||||xx |||||||||||||| ||und|| | ||
| 020 | _a0-256-19921-3 | ||
| 082 |
_a658.4 _bIVA-O |
||
| 100 | _aJohn Ivancevich | ||
| 245 | 0 | _aOrganisational Behaviour and Management | |
| 260 |
_bMcGraw-Hill _aAustralia _c1997 |
||
| 300 | _a752 | ||
| 546 | _aEng. | ||
| 650 |
_aManagement _vField of organizational behavior, Individual in organization |
||
| 942 | _cBK | ||
| 999 |
_c598 _d598 |
||